000 00381nam a22001457a 4500
008 210309b ||||| |||| 00| 0 eng d
020 _a87345586- X
041 _aeng
080 _a621
082 _2621
100 _a26
101 _aMEK
245 _aManufacturing a Basic text for industrial arts
_cJames Fales , Everett Sheets , Gregg Mervich , John Dinan
942 _2udc
_cBK
999 _c56089
_d56089